Dyktatorzy w XX wieku - Europa - Statystyki

Ogólne statystyki
  • Ten quiz został rozwiązany 309 razy
  • Średni wynik to 14 z 32
Statystyki odpowiedzi
Podpowiedź
(kraj i okres czasowy)
Odpowiedź
(dyktator)
% Poprawnych
Związek Socjalistycznych Republik Radzieckich (1924-1953) Józef Stalin
98%
Niemcy/III Rzesza (1933-1945) Adolf Hitler
96%
Rosja/Związek Socjalistycznych Republik Radzieckich (1918-1924) Włodzimierz Lenin
91%
Królestwo Włoch/Włoska Republika Socjalna (1922-1945) Benito Mussolini
86%
II Rzeczpospolita (1918-1922; 1926-1935) Józef Piłsudski
83%
Republika Białorusi (1994-) Alaksandr Łukaszenka
80%
Państwo Hiszpańskie (1936-1975) Francisco Franco
75%
Związek Socjalistycznych Republik Radzieckich (1964-1982) Leonid Breżniew
75%
Związek Socjalistycznych Republik Radzieckich (1953-1964) Nikita Chruszczow
72%
Związek Socjalistycznych Republik Radzieckich (1985-1991) Michaił Gorbaczow
71%
Polska Rzeczpospolita Ludowa (1944-1956) Bolesław Bierut
68%
Socjalistyczna Federacyjna Republika Jugosławii (1945-1980) Josip Broz Tito
68%
Republika Turcji (1923-1938) Mustafa Kemal Ataturk
51%
Związek Socjalistycznych Republik Radzieckich (1982-1984) Jurij Andorpow
38%
Republika Portugalska (1932-1968) Antonio de Oliveira Salazar
37%
Pierwsza Republika Słowacka (1939-1945) Józef Tiso
34%
Socjalistyczna Republika Rumunii (1965-1989) Nicolae Ceausescu
34%
Albańska Republika Ludowa (1944-1985) Enver Hoxha
31%
Związek Socjalistycznych Republik Radzieckich (1984-1985) Konstantin Czernienko
30%
Królestwo Węgier (1920-1944) Miklos Horthy
29%
Niemiecka Republika Demokratyczna (1971–1989) Erich Honecker
26%
Serbia/Federalna Republika Jugosławii (1989-2000) Slobodan Milosević
22%
Królestwo Rumunii (1940-1944) Ion Antonescu
20%
Imperium Osmańskie (1913-1922) Ismail Enver Pasza
17%
Niepodległe Państwo Chorwackie (1941-1945) Ante Pavelić
14%
Czechosłowacka Republika Socjalistyczna (1969-1989) Gustav Husak
9%
Federalne Państwo Austriackie (1933-1934) Engelbert Dollfuss
8%
Królestwo Grecji (1936-1941) Joanis Metaksas
7%
Federalne Państwo Austriackie (1934-1938) Kurt Schuschnigg
7%
Królestwo Węgier (1944-1945) Ferenc Szalasi
4%
Królestwo Grecji/Republika Grecka (1967-1973) Jeorjos Papadopulos
4%
Republika Grecka (1973-1974) Dimitrios Joanidis
1%
Nie znaleziono quizów pasujących do podanych kryteriów
Rozkład punktacji
Procent ludzi z każdym wynikiem
Percentyl według liczby udzielonych odpowiedzi
Twoja historia wyników
Nie rozwiązałeś tego quizu